<?xml version="1.0" encoding="UTF-8"?><?xml-stylesheet type="text/xsl" href="static/style.xsl"?><OAI-PMH xmlns="http://www.openarchives.org/OAI/2.0/" xmlns:xsi="http://www.w3.org/2001/XMLSchema-instance" xsi:schemaLocation="http://www.openarchives.org/OAI/2.0/ http://www.openarchives.org/OAI/2.0/OAI-PMH.xsd"><responseDate>2026-05-17T17:25:08Z</responseDate><request verb="GetRecord" identifier="oai:recam.amb.cat:20.500.14439/4830" metadataPrefix="marc">https://recam.amb.cat/rest/oai/request</request><GetRecord><record><header><identifier>oai:recam.amb.cat:20.500.14439/4830</identifier><datestamp>2026-05-13T10:24:10Z</datestamp><setSpec>com_20.500.14439_2676</setSpec><setSpec>com_20.500.14439_126</setSpec><setSpec>col_20.500.14439_4829</setSpec></header><metadata><record xmlns="http://www.loc.gov/MARC21/slim" xmlns:dcterms="http://purl.org/dc/terms/" xmlns:xsi="http://www.w3.org/2001/XMLSchema-instance" xmlns:doc="http://www.lyncode.com/xoai" xsi:schemaLocation="http://www.loc.gov/MARC21/slim http://www.loc.gov/standards/marcxml/schema/MARC21slim.xsd">
   <leader>00925njm 22002777a 4500</leader>
   <datafield ind2=" " ind1=" " tag="042">
      <subfield code="a">dc</subfield>
   </datafield>
   <datafield ind2=" " ind1=" " tag="720">
      <subfield code="a">Quiñonero Carrera, Juan José</subfield>
      <subfield code="e">author</subfield>
   </datafield>
   <datafield ind2=" " ind1=" " tag="260">
      <subfield code="c">2022-12-01</subfield>
   </datafield>
   <datafield ind2=" " ind1=" " tag="520">
      <subfield code="a">El present estudi pren el relleu al seguit de feines que porten realitzant-se ininterrompudament durant una munió d’anys al Parc Natural de la Serra de Collserola. Aquests es basen en l’estudi de les dinàmiques poblacionals del lepidòpter Thaumetopoea pityocampa (Processionària del Pi). El seguiment d’aquests es realitza mitjançant captures d’exemplars adults en època de vol emprant trampes de feromona.</subfield>
   </datafield>
   <datafield ind1="8" ind2=" " tag="024">
      <subfield code="a">Quiñonero Carrera, Juan José. (2022). Memòria anual del seguiment poblacional de la processionària del pi (Thaumetopoea pityocampa) al Parc Natural de la Serra de Collserola. Estudi finançat pel Consorci del Parc Natural de la Serra de Collserola</subfield>
   </datafield>
   <datafield ind1="8" ind2=" " tag="024">
      <subfield code="a">https://hdl.handle.net/20.500.14439/4830</subfield>
   </datafield>
   <datafield tag="653" ind2=" " ind1=" ">
      <subfield code="a">Lepidòpters</subfield>
   </datafield>
   <datafield ind2="0" ind1="0" tag="245">
      <subfield code="a">Memòria anual del seguiment poblacional de la processionària del PI (Thaumetopoea pityocampa) al parc natural de la Serra de Collserola: campanya 2022</subfield>
   </datafield>
</record></metadata></record></GetRecord></OAI-PMH>